Handy Manny Characters - Statistics

General Stats
  • This quiz has been taken 13 times
  • The average score is 11 of 12
Answer Stats
Hint Answer % Correct
Hand saw Dusty
100%
Hammer Pat
100%
Pipe wrench Rusty
100%
Pliers Squeeze
100%
Blue screwdriver Turner
100%
Yellow screwdriver Felipe
90%
Flashlight Flicker
90%
Handyman Handy Manny
90%
Owner of a Hardware store Kelly
90%
Protagonist Mr Lopart
90%
Measuring Tape Stretch
90%
Protagonist’s Cat Fluffy
70%
No matching quizzes found
Score Distribution
Percent of People with Each Score
Percentile by Number Answered
Your Score History
You have not taken this quiz